Euroopan yli 300 000 asukkaan kaupungit kartalla - Statistics

Yleistilastot
  • Tätä visaa on pelattu 52 kertaa
  • Keskiarvotulos 62 / 148
Vastaukset kartalla
Vastauksille on annettu kartalla punavihreä väri sen mukaan, kuinka moni on saanut sen oikein.
 
Vastaustilastot
1 % Oikein
Venäjä Moskova 13 274 285
100%
Suomi Espoo 320 931
98%
Suomi Helsinki 684 018
98%
Tanska Kööpenhamina 667 099
96%
Norja Oslo 724 290
96%
Venäjä Pietari 5 652 922
96%
Viro Tallinna 456 518 x
93%
Ruotsi Tukholma 995 574
93%
Iso-Britannia Lontoo 8 776 535
91%
Ranska Pariisi 2 103 778
91%
Latvia Riika 591 882
91%
Italia Rooma 2 746 984
89%
Saksa Berliini 3 685 265
87%
Portugali Lissabon 545 796
87%
Liettua Vilna 592 156
87%
Kreikka Ateena 643 452
85%
Espanja Barcelona 1 713 247
85%
Unkari Budapest 1 685 209
83%
Irlanti Dublin 1 263 219
83%
Itävalta Wien 2 028 289
83%
Ukraina Kiova 2 952 301
80%
Espanja Madrid 3 477 497
80%
Ruotsi Malmö 365 644
78%
Valko-Venäjä Minsk 1 995 471
78%
Puola Varsova 1 861 599
78%
Belgia Bryssel 1 255 795
76%
Romania Bukarest 1 716 961
76%
Bulgaria Sofia 1 295 931
76%
Alankomaat Amsterdam 934 526
74%
Ruotsi Göteborg 608 993
74%
Italia Milano 1 366 155
74%
Tšekki Praha 1 397 880
74%
Iso-Britannia Liverpool 506 552
72%
Iso-Britannia Manchester 470 411
72%
Saksa München 1 505 005
72%
Saksa Hampuri 1 862 565
70%
Ranska Marseille 886 040
70%
Italia Napoli 908 082
70%
Iso-Britannia Edinburgh 505 310
65%
Ranska Lyon 519 127
65%
Italia Torino 856 745
65%
Kroatia Zagreb 663 592
65%
Puola Krakova 806 201
63%
Pohjois-Makedonia Skopje 422 540
63%
Albania Tirana 389 323 x
63%
Iso-Britannia Birmingham 1 121 408
59%
Bosnia ja Hertsegovina Sarajevo 348 363
59%
Saksa Frankfurt 756 021
57%
Alankomaat Rotterdam 672 960
57%
Iso-Britannia Belfast 450 386
54%
Serbia Belgrad 1 197 714
52%
Saksa Köln 1 024 621
52%
Espanja Málaga 597 173
52%
Puola Gdánsk 487 371
50%
Ukraina Harkova 1 421 125
50%
Liettua Kaunas 302 874
50%
Ukraina Odessa 1 010 537
50%
Espanja Sevilla 688 714
50%
Espanja Valéncia 841 558
50%
Sveitsi Zürich 436 551
50%
Moldova Chișinău 567 038
48%
Alankomaat Haag 568 945
48%
Italia Palermo 625 956
48%
Tanska Aarhus 301 049
46%
Italia Firenze 362 353
46%
Iso-Britannia Glasgow 631 690
46%
Iso-Britannia Leeds 536 321
46%
Ranska Nizza 357 737
46%
Espanja Bilbao 350 975
43%
Saksa Düsseldorf 618 685
43%
Iso-Britannia Cardiff 348 546
41%
Saksa Dresden 564 904
41%
Saksa Bremen 586 271
39%
Ukraina Lviv 717 273
39%
Saksa Leipzig 611 850
37%
Saksa Stuttgart 612 663
37%
Belgia Antwerpen 562 002
35%
Ukraina Donetsk 901 645
35%
Venäjä Kaliningrad 488 690
35%
Italia Bologna 390 734
33%
Iso-Britannia Bristol 425 232
33%
Tšekki Brno 402 739
33%
Saksa Dortmund 603 462
33%
Saksa Essen 574 682
33%
Ranska Toulouse 514 819
33%
Espanja Zaragoza 699 007
33%
Italia Genova 563 947
30%
Saksa Nürnberg 529 508
30%
Iso-Britannia Sheffield 500 552
30%
Saksa Bonn 323 336
28%
Ukraina Dnipro 968 502
26%
Ranska Nantes 327 734
26%
Espanja Alicante 365 586
24%
Italia Bari 315 473
24%
Espanja Palma 443 196
24%
Venäjä Rostov 1 143 123
24%
Bulgaria Varna 318 737
24%
Saksa Duisburg 502 270
22%
Itävalta Graz 305 314
22%
Venäjä Sotši 445 149
22%
Alankomaat Utrecht 376 757
22%
Iso-Britannia Bielefeld 331 605
20%
Puola Łódź 652 015
20%
Venäjä Sevastopol 485 386
20%
Saksa Augsburg 301 105
17%
Valko-Venäjä Brest 342 461
17%
Iso-Britannia Coventry 344 322
17%
Ranska Montpellier 310 240
17%
Bulgaria Plovdiv 329 489
17%
Puola Poznań 538 439
17%
Iso-Britannia Leicester 406 588
15%
Puola Lublin 329 565
15%
Ukraina Luhansk 397 677
15%
Espanja Murcia 477 631
15%
Puola Wrocław 673 743
15%
Saksa Wuppertal 358 193
15%
Venäjä Kursk 434 696
13%
Saksa Mannheim 318 035
13%
Espanja Valladolid 301 798
13%
Saksa Bochum 358 676
11%
Valko-Venäjä Homel 501 802
11%
Venäjä Jaroslavl 563 717
11%
Saksa Karlsruhe 309 050
11%
Saksa Münster 308 258
11%
Venäjä Tver 412 806
11%
Ukraina Zaporižžja 710 052
11%
Espanja Córdoba 324 159
9%
Ukraina Mariupol 425 681
9%
Venäjä Smolensk 310 460
9%
Puola Szczecin 389 066
7%
Venäjä Tula 456 813
7%
Iso-Britannia Bradford 333 931
4%
Venäjä Lipetsk 483 040
4%
Venäjä Rjazan 519 315
4%
Venäjä Simferopol 340 540
4%
Venäjä Vologda 311 476
4%
Puola Bydgoszcz 326 434
2%
Venäjä Kaluga 324 989
2%
Ukraina Mykolajiv 470 011
2%
Venäjä Vladimir 341 579
2%
Venäjä Balašiha 544 303
0%
Valko-Venäjä Hrodna 358 717
0%
Ukraina Kryvyj Rih 603 904
0%
Valko-Venäjä Mahiljou 353 338
0%
Ukraina Makijivka 338 968
0%
Venäjä Podolsk 313 414
0%
Valko-Venäjä Viciebsk 359 148
0%
Ukraina Vinnytsja 369 739
0%
Ehtoja vastaavia visoja ei löytynyt
Tulosjakauma
Jokaisen tuloksen saaneiden osuus
Persentiili vastausten määrän mukaan
Tuloshistoriasi
Et ole pelannut tätä visaa